000 00684nam a22002297a 4500
003 OSt
005 20250415145605.0
008 210312s1980 ck ||||gr|||| 00| f spa d
040 _aCO-JMCR
_cCO-JMCR
041 1 _aspa
_hger
082 0 4 _aA-N
_bHESs
_223
100 1 _aHesse, Hermann,
_eautor
_936002
245 1 0 _aSiddhartha /
_cHermann Hesse ; traducción de Carmen Grossi
250 _aEdición completa
260 _aMéxico :
_bEditores Mexicanos Unidos,
_c1980
300 _a156 páginas ;
_c16 cm.
500 _aTítulo original: Siddartha
546 _aTraducción del alemán.
650 1 4 _aNovela alemana
_9816
650 2 4 _aBudismo
_xnovela
_936003
942 _2ddc
_cBK
999 _c15355
_d15355